| 000 | 00612nam a2200205 4500 | ||
|---|---|---|---|
| 001 | 120610 | ||
| 003 | ES-MaACL | ||
| 005 | 20250811110609.0 | ||
| 007 | t| | ||
| 008 | 070214s1977 sp r ||||1| spa d | ||
| 100 | 0 |
_aPozanco, Víctor, _d1940- _993527 |
|
| 245 | 1 | 0 |
_aSoria pura / _cVíctor Pozanco. |
| 250 | _a2ª ed. | ||
| 260 |
_aBurgos : _b[s. n.], _c1977 ( _fImp. Monte Carmelo) |
||
| 300 |
_a38 p. ; _c19 cm. |
||
| 490 | 1 |
_aArtesa. Cuadernos de poesía ; _v31 |
|
| 830 | 0 | 0 |
_aArtesa. _pCuadernos de poesía _v31 _9183816 |
| 852 |
_aES-MaACL _j2090-F-27 _bR.95905 |
||
| 999 |
_c120610 _d120610 |
||